000 00973nam a22001817a 4500
999 _c189430
_d189430
005 20220701142706.0
010 _aB-744786 RP Aruna Nagar
020 _c140.00
035 _aB-744786
037 _bPansy Books
082 _a346.54052
245 _aThe Indian Succession Act, 1925:
_b(39 of 1925) Incorporating The Jammu and Kashmir Reorganisation Act, 2019 (34 of 2019) with Model Specimens Will, Will (Another Format), Will in favour of relations , Petition for obtaining Letter of administration, Petition for obtaining a Probate /
260 _aGurgaon
_bLexisNexis
_c2022
270 _a14th Floor, Building No.10, Tower-B, DLF Cyber City, Phase-II
_bGurgaon
_e122002
_k911244774444
300 _axiv,115p.
_c23cm(pbk)
942 _2ddc
_cEN
_mIND
_h346.54052